| 000 | 00564nam a2200193Ia 4500 | ||
|---|---|---|---|
| 003 | IN-BaIIA | ||
| 008 | 211028s9999 xx 000 0 eng d | ||
| 020 | _a978-0-691-15282-0 | ||
| 040 | _cIIA Library | ||
| 080 |
_a51(091) _bMAC |
||
| 100 |
_aMackenzie, Dana _935872 |
||
| 245 | 4 |
_aThe Universe in zero words _bthe story of mathematics as told through equations _cDana Mackenzie |
|
| 260 |
_aPrinceton _bPrinceton University Press _c2012 |
||
| 300 | _a224p. | ||
| 650 |
_aAstronomy _980 |
||
| 650 |
_aMathematics _982 |
||
| 650 |
_aUniverse _91987 |
||
| 942 | _cBK | ||
| 999 |
_c18733 _d18733 |
||